000 00485 a2200169 4500
999 _c9544
_d9544
020 _a0702109975
050 _aKF8810BAK1979
100 _aBaker P W E
_eauthor
245 _aThe civil practice of the magistrates' courts in South Africa /
_cP W E Baker and Erasmus H J
250 _a7th ed.
264 _aCape Town:
_bJuta and Company,
_c19789
300 _a598p. :
500 _aincludes index
650 _alaw
700 _a H J Erasmus
_eauthor
942 _2lcc
_cBK
_h1583
_iBAK
_kKTL